000 00214nam a22000857a 4500
008 170210b xxu||||| |||| 00| 0 eng d
100 _92846
_aDutta.R
245 _aWord`s Worth english
260 _aNew Delhi
_bArichal
_c2009
999 _c6067
_d6067